|
|
|
|
| LEADER |
01093nam a2200265 a 4500 |
| 001 |
26813 |
| 003 |
BD-DhAAL |
| 008 |
130408s1996 ctu b 001 0 eng d |
| 999 |
|
|
|c 13275
|d 13275
|
| 010 |
|
|
|a 96166387
|
| 020 |
|
|
|a 0275952657 (pbk. : alk. paper)
|
| 040 |
|
|
|a DLC
|c DLC
|d BD-DhAAL
|
| 082 |
0 |
0 |
|a 306.461
|2 22
|
| 245 |
0 |
0 |
|a Medical anthropology :
|b contemporary theory and method /
|c edited by Carolyn F. Sargent and Thomas M. Johnson.
|
| 250 |
|
|
|a Revised edition
|
| 260 |
|
|
|a Westport, Conn. :
|b Praeger,
|c 1996.
|
| 300 |
|
|
|a vi, 557 pages ;
|c 24 cm.
|
| 504 |
|
|
|a Includes bibliographical references (pages [425]-542) and index.
|
| 541 |
|
|
|e 00026813
|
| 650 |
|
0 |
|a Medical anthropology.
|9 40211
|
| 700 |
1 |
|
|a Sargent, Carolyn Fishel,
|d 1947-
|9 40212
|
| 700 |
1 |
|
|a Johnson, Thomas M.
|q (Thomas Malcolm),
|d 1947-
|9 40213
|
| 852 |
1 |
|
|a Ayesha Abed Library
|c General Stacks
|
| 942 |
|
|
|2 ddc
|c BK
|
| 952 |
|
|
|0 0
|1 0
|2 ddc
|4 0
|6 306_461000000000000_MED
|7 0
|9 22179
|a IGS
|b IGS
|c GEN
|d 2013-04-10
|e A H Development Publishing House
|g 4000.00
|l 1
|m 2
|o 306.461 MED
|p 3010026813
|r 2014-06-10
|s 2013-05-07
|t 1
|w 2013-04-10
|y BK
|